000 00463pab a2200157 454500
008 180718b2003 xxu||||| |||| 00| 0 eng d
100 _aPowis, Benjamin
245 _aGrass roots politics and `second wave of decentralisation' in Andhra Pradesh
260 _c2003
300 _ap.2617-622.
362 _a28 Jun
650 _aDecentralization - India - Andhra pradesh
650 _aDecentralization
773 _aEconomic and Political Weekly
909 _a57277
999 _c57277
_d57277